00977nam a2200277 a 450000100060000000300080000600500170001400800410003102000180007202000180009003500190010804000260012704100080015308200270016110000480018824500490023625000120028526000610029730000340035850400510039265000260044365000300046994200120049999900170051195201710052868147BD-RjUL20211209081733.0170404r20072008enka 001 0 eng d a9780123695161 a9788131215166 a(BD-RjUL)68357 aBD-RjULbengcBD-RjUL aeng 223a621.3692bAGN 20081 aAgrawal, G. P.q(Govind P.),d1951-911714510aNonlinear fiber optics /cGovind P. Agrawal. a4th ed. aLondon :bAcademic Press,cc2007 [1st indian print 2008] axvi, 529 p. :bill. ;c23 cm. aIncludes bibliographical references and index. 0aFiber optics.9117146 0aNonlinear optics.9202016 2ddccBK c68147d68147 00102ddc40718NFICaRUCLbRUCLcReadingd2013-06-26eAssociated Business Corporation, Dhakag570.00l0o621.3692 AGN 2008r2017-03-30 00:00:00tC-1w2017-03-30yBK